000 03342cam a2200517 i 4500
001 20409268
003 IVS
005 20250626031024.0
008 180316s2018 caua bc 000 0 eng
010 _a 2018012177
020 _a9780939117857 (paperback)
040 _aDLC
_beng
_cDLC
_erda
_dDLC
042 _apcc
043 _aa-ja---
050 0 0 _aTT502
_b.K56 2018
082 0 0 _a746.920952 /MOR
_223
_b20691
084 _aDES013000
_aANT047000
_2bisacsh
100 _aMorishima, Yuki and Nii, Rie (ed.)
245 0 0 _aKimono refashioned : Japan's impact on international fashion
250 _aFirst edition.
260 _aSan Francisco, CA :
_bAsian Art Museum,
_c[2018]
300 _aix, 134 pages :
_billustrations (chiefly color) ;
_c28 cm
336 _atext
_btxt
_2rdacontent
337 _aunmediated
_bn
_2rdamedia
338 _avolume
_bnc
_2rdacarrier
500 _a"Published on the occasion of the exhibition Kimono Refashioned, co-organized by the Kyoto Costume Institute and the Asian Art Museum of San Francisco."
504 _aIncludes bibliographical references (page 133).
520 _a"Kimono Refashioned explores the impact of kimono on the world of fashion from the 1870s to now. Featuring works from the renowned Kyoto Costume Institute, it includes Japanese and Western designs, men's and women's apparel, and both exacting and impressionistic references to kimono. Kimono has influenced global fashion since Japan opened to the world in the late nineteenth century. Motifs used to decorate kimono, its form and silhouette, and its two-dimensional structure and linear cut have all been refashioned into a wide array of garments. Kimono revealed new possibilities in clothing design and helped to lay the foundations of contemporary clothing. Six essays from experts in the field discuss Japan's impact on international fashion. Four catalogue sections explore early examples of the influence of kimono; Japonism in fashion from the late nineteenth century to the 1920s; contemporary fashion and its use of kimono's flatness, silhouette, weave, dyeing, and decoration; and how Japan continues to inspire the world of fashion through its incorporation of popular design, including manga and anime"--
_cProvided by publisher.
610 2 0 _aKyōto Fukushoku Bunka Kenkyū Zaidan
_vExhibitions.
650 0 _aFashion
_xJapanese influences
_vExhibitions.
650 0 _aClothing and dress
_xJapanese influences
_vExhibitions.
650 0 _aKimonos
_vExhibitions.
650 0 _aKimonos in art
_vExhibitions.
650 7 _aDESIGN / Textile & Costume.
_2bisacsh
650 7 _aANTIQUES & COLLECTIBLES / Textiles & Costume.
_2bisacsh
700 1 _aMorishima, Yuki,
_d1974-
_eeditor.
700 1 _aNii, Rie,
_eeditor.
700 1 2 _aFukai, Akiko,
_d1943-
_tKimono meets the West.
710 2 _aAsian Art Museum of San Francisco,
_eorganizer,
_ehost institution.
710 2 _aKyōto Fukushoku Bunka Kenkyū Zaidan,
_eorganizer.
710 2 _aCincinnati Art Museum,
_ehost institution.
710 2 _aNewark Museum,
_ehost institution.
906 _a7
_bcbc
_corignew
_d1
_eecip
_f20
_gy-gencatlg
942 _2ddc
_cREF
_n0
999 _c14368
_d14368